Modul pre zber procesných dát zo vzdialených laboratórií
Gespeichert in:
| 1. Verfasser: | |
|---|---|
| Weitere Verfasser: | |
| Format: | Manuskript Buch |
| Sprache: | Slowakisch |
| Veröffentlicht: |
2015
|
| Schlagworte: | |
| Online-Zugang: | http://is.stuba.sk/zp/portal_zp.pl?podrobnosti=93664 |
| Tags: |
Keine Tags, Fügen Sie das erste Tag hinzu!
|
MARC
| LEADER | 00000ntm a22000003a 4500 | ||
|---|---|---|---|
| 001 | stuzp46954 | ||
| 003 | SK-STU | ||
| 005 | 20160719153142.8 | ||
| 007 | ta | ||
| 008 | 150427s2015----xo-----f-mn---000-0-slo-d | ||
| 040 | |a STU |b slo | ||
| 041 | 0 | |a slo | |
| 100 | 1 | |a Kostka, Miroslav |u 047000 |4 aut |U FCHPT Fakulta chemickej a potravinárskej technológie |T FCHPT Ústav informatizácie, automatizácie a matematiky |X 69388 |U C7000 |Y 105 |7 69388 | |
| 242 | 0 | 1 | |a Module for Storing Proccess Data from Remote Laboratories |y eng |
| 245 | 1 | 0 | |a Modul pre zber procesných dát zo vzdialených laboratórií |
| 260 | |c 2015 | ||
| 650 | 4 | |a databáza |2 slo | |
| 650 | 4 | |a návrhové vzory |2 slo | |
| 650 | 4 | |a modul |2 slo | |
| 650 | 4 | |a vzdialené laboratóriá |2 slo | |
| 650 | 4 | |a ukladanie dát |2 slo | |
| 650 | 4 | |a PHP |2 slo | |
| 650 | 4 | |a MySQL |2 slo | |
| 650 | 4 | |a objektovo orientované programovanie |2 slo | |
| 650 | 4 | |a data storage |2 eng | |
| 650 | 4 | |a PHP |2 eng | |
| 650 | 4 | |a MySQL |2 eng | |
| 650 | 4 | |a objective oriented programming |2 eng | |
| 650 | 4 | |a database |2 eng | |
| 650 | 4 | |a design patterns |2 eng | |
| 650 | 4 | |a module |2 eng | |
| 650 | 4 | |a remote laboratories |2 eng | |
| 700 | 1 | |a Kalúz, Martin |4 ths |X 21598 |7 A000021598 | |
| 856 | 4 | |u http://is.stuba.sk/zp/portal_zp.pl?podrobnosti=93664 | |
| SQL | |a stuzp46954 |b DBP |c SLO |d Modul pre zber procesných dát zo vzdialených laboratórií |e 69388 |f Kostka, Miroslav |g 047000 |h 21598 |i Kalúz, Martin |j 20150713 |k 104 |l 04 |m http://is.stuba.sk/zp/portal_zp.pl?podrobnosti=93664 |n B-AIM |o 5.2.14. automatizácia, 5.2.52. priemyselné inžinierstvo | ||